Biblioteca

Biografías de grandes cristianos (Registro nro. 38894)

Detalles MARC
000 -LÍDER
Campo fijo de descripción fija 01335aam a2200313 i 4500
001 - NÚMERO DE CONTROL
Campo de control 768714001
003 - IDENTIFICADOR DEL NÚMERO DE CONTROL
Campo de control CO-MdFUSB
005 - FECHA Y HORA DE LA ULTIMA TRANSACCIÓN
control field 20211216142816.0
007 - CAMPO FIJO DE DESCRIPCIÓN FIJA--INFORMACIÓN GENERAL
Campo fijo de descripción fija ta
008 - ELEMENTOS DE LONGITUD FIJA -- INFORMACIÓN GENERAL
Campo fijo de descripción fija -- Información general 211216t1983 us |||| |||| 00| 0 spa d
020 ## - NÚMERO INTERNACIONAL NORMALIZADO PARA LIBROS
Número Internacional Normalizado del libro 0829713425
040 ## - FUENTE DE CATALOGACIÓN
Idioma de catalogación spa.
Agencia de catalogación original CO-MdFUSB
Agencia que realiza la transcripción CO-MdFUSB
Agencia que realiza la modificación CO-MdFUSBC
Convenciones de la descripción rda
041 ## - CÓDIGO DE IDIOMA
Código de idioma para texto/pista de sonido o título separado spa
082 04 - NÚMERO DE CLASIFICACIÓN DECIMAL DEWEY
Número de clasificación 280.092
Número de la edición del Dewey 23
Clave de autor-Numero de item B7911b
100 1# - ASIENTO PRINCIPAL--NOMBRE PERSONAL
Nombre personal Boyer, Orlando
Término relacionador autor
245 10 - TÍTULO
Título del Material Biografías de grandes cristianos
Mención de responsabilidad, etc. / Orlando Boyer ; traducido por Shily Kjellgreen,
264 #1 - PRODUCCIÓN, PUBLICACIÓN, DISTRIBUCIÓN, MANUFACTURA, Y COPYRIGHT
Lugar de producción, publicación, distribución, manufactura Miami, FL., USA :
Nombre del productor, publicador, distribuidor Vida,
Fecha de producción, publicación, distribución, manufactura, o copyright [1983]
264 #4 - PRODUCCIÓN, PUBLICACIÓN, DISTRIBUCIÓN, MANUFACTURA, Y COPYRIGHT
Fecha de producción, publicación, distribución, manufactura, o copyright © 1983
300 ## - DESCRIPCIÓN FÍSICA
Extensión 154 páginas
Dimensiones ; 18 cm
336 ## - TIPO DE CONTENIDO
Término de tipo de contenido texto
Código de tipo de contenido txt
Fuente rdacontent
337 ## - TIPO DE MEDIO
Fuente rdamedia
Nombre del tipo de medio sin mediación
Código del tipo de medio n
338 ## - TIPO DE SOPORTE
Fuente rdacarrier
Nombre del tipo de soporte volumen
Código Tipo de soporte nc
505 ## - NOTA DE CONTENIDO
Nota de contenido con formato preestablecido Tomo I: El misterio de los grandes cristianos. Jerónimo Savonarola 1452-1498. -- Martín Lutero 1483-1546. -- Juan Bunyan 1628-1688. -- Jonatán Edwards 1703-1758 -- Juan Wesley 1703-1791. -- Jorge Whitebield 1714-1770. -- David Brainerd 1718-1747. -- Guillermo Carey 1761-1834. -- Christmas Evans 1766-1838. -- Enrique Martyn 1781-1812. -- Adoniram Judson 1788-1850. -- Carlos Finney 1792-1875. -- El Salvador espera y el mundo carece.
563 ## - NOTA DE ENCUADERNACIÓN
Nota de encuadernación Rústico
650 #0 - ASIENTO SECUNDARIO DE MATERIA - TERMINO TEMÁTICO
9 (RLIN) 1238
Término temático o nombre geográfico como elemento de entrada Biografías cristianas
700 ## - ASIENTO SECUNDARIO - NOMBRE PERSONAL
9 (RLIN) 5997
Nombre personal Kjellgreen, Shily,
Responsabilidad traductor
942 ## - TIPO DE MATERIAL (KOHA)
Tipo de Item KOHA Libros General
945 ## - INFORMACIÓN LOCAL DEL REGISTRO
Catalogador JTF-925
Existencias
Estado de Material Estado de Perdido Forma de Clasificación Estado de Dañado No para Préstamo Colección Tomo Biblioteca de Origen Biblioteca Permanente Fecha de Adquisición Área Total de Préstamos Signatura Topográfica Código de Barras Última vez visto Ejemplar/Existencia Tipo de Material Fecha de Remplazo
    Dewey Decimal Classification     Colección General 2 Biblioteca FUSBC Biblioteca FUSBC 16/12/2021 TEOLOGÍA CRISTIANA   G 280.092 B7911b 12737 07/11/2024 T. 2, ej. 2 Libros General  
    Dewey Decimal Classification     Colección General 2 Biblioteca FUSBC Biblioteca FUSBC 17/01/2005     G 280.092 B7911b 10673 07/11/2024 T. 2, ej. 1 Libros General 26/01/2016
    Dewey Decimal Classification     Colección General 1 Biblioteca FUSBC Biblioteca FUSBC 17/01/2005     G 280.092 B7911b 10671 07/11/2024 T. 1, ej. 2 Libros General 26/01/2016
    Dewey Decimal Classification     Colección General 1 Biblioteca FUSBC Biblioteca FUSBC 16/12/2021     G 280.092 B7911b 10669 07/11/2024 T. 1, ej. 1 Libros General 26/01/2016

Biblioteca FUSBC | Teléfono: (57+4) 349 88 10 Ext. 141| WhatsApp (+57) 3005338115 
E-mail: biblioteca@unisbc.edu.co | Calle 76 87-14 Robledo Palenque, Medellín, Colombia

Con tecnología Koha